| 000 | 01880nam a22003137a 4500 | ||
|---|---|---|---|
| 003 | PE SENCICO BE | ||
| 005 | 20251020182711.0 | ||
| 008 | 250211b |||||||| |||| 00| 0 eng d | ||
| 020 | _a978-9972-45-630-5 | ||
| 040 |
_aPE SENCICO BE _cPE SENCICO BE |
||
| 041 | _aspa | ||
| 082 |
_a658.404 _bF57 |
||
| 100 | 1 |
_92921 _aFischer, Martin _eautor |
|
| 245 | 1 |
_aEntrega integrada de proyectos / _cMartin Fischer, Howard Ashcraft, Dean Reed, Atul Khanzode |
|
| 250 | _a1a ed. | ||
| 260 |
_aLima : _bUniversidad de Lima : _c2023 |
||
| 300 |
_a565 páginas : _bilustraciones ; _c28 cm. |
||
| 505 | 0 | _a¿Qué nos enorgullecería? -- Transición a la entrega integrada de proyectos: la experiencia del propietario -- Un marco simple -- Definición de un edificio de alto rendimiento -- Construcción de edificios de alto valor -- Integración de los sistemas del edificio -- Integración de los conocimientos de los proyectos -- Integración de la organización del proyecto -- Liderazgo de equipos de proyectos integrados -- Integración de la información del proyecto -- Gestión con métricas -- Visualización y simulación del rendimiento de un edificio -- La colaboración en un proyecto integrado -- La coubicación para mejorar el rendimiento -- Gestionar la producción como un equipo integrado -- Evita los inconvenientes de los contratos tradicionales -- Contratos para la integración del proyecto -- Entrega del edificio de alto rendimiento como producto | |
| 650 | 1 | 0 |
_9149 _aAdministración de proyectos |
| 650 | 2 | 0 |
_9417 _aIndustria de la construcción |
| 650 | 2 | 0 |
_9940 _aProyectos de edificaciones |
| 650 | 2 | 0 |
_9492 _aProceso constructivo |
| 650 | 2 | 0 |
_9942 _aSistemas constructivos |
| 700 | 1 |
_92922 _aAshcraft, Howard _eautor |
|
| 700 | 1 |
_92923 _aReed, Dean _eautor |
|
| 700 | 1 |
_92924 _aKhanzode, Atul _eautor |
|
| 910 |
_ahfp _bhfp _chfp |
||
| 942 |
_2ddc _cLIB |
||
| 999 |
_c5094 _d5094 |
||